|
|
|
|
| LEADER |
00000cam a2200000 a 4500 |
| 001 |
vtls001414502 |
| 003 |
SK-MaSNL |
| 005 |
20260302035137.0 |
| 008 |
240314s2000 xo a grn 000 0bhun |
| 015 |
|
|
|a SNBA2002/04-01384
|
| 020 |
|
|
|a 8085509458
|c 150,00 Sk
|
| 035 |
|
|
|a SNK000369227
|
| 035 |
|
|
|a urn:nbn:sk:snk-amjd0l
|
| 035 |
|
|
|a urn:nbn:sk:snk-am002qwr
|
| 035 |
|
|
|a 7A78073C-5870-4EFB-9923-839E4E2FF48F
|
| 040 |
|
|
|a SNK
|b slo
|c SNK
|e AACR2
|
| 041 |
0 |
|
|a hun
|
| 044 |
|
|
|a xo
|c SK
|
| 080 |
|
|
|a 82:929:894.511 (437.6)=945.11
|2 1981
|
| 080 |
|
|
|a 894.511 (437.6)=945.11
|2 1981
|
| 080 |
|
|
|a 929 Nagy, Lajos Zs.
|2 1981
|
| 100 |
1 |
|
|a Dusza, István,
|d 1935-
|4 aut
|9 66024
|
| 245 |
1 |
0 |
|a Zs. Nagy Lajos
|c Dusza István
|
| 260 |
|
|
|a Dunaszerdahely
|b NAP
|c 2000
|
| 300 |
|
|
|a 121 s.
|b fotogr.
|c 19 cm
|
| 490 |
1 |
|
|a Műhely
|
| 504 |
|
|
|a Bibliogr. s. 107-113
|
| 600 |
1 |
7 |
|a Nagy, Lajos Zs.,
|d 1935-2005
|2 SNKMA
|9 107411
|
| 655 |
|
7 |
|a biografie
|2 SNK
|9 27965
|
| 752 |
|
|
|a Slovensko
|d Dunajská Streda
|
| 830 |
|
0 |
|a Műhely
|9 300200
|
| 919 |
|
|
|a 80-85509-45-8
|
| 958 |
|
|
|a TL
|
| 958 |
|
|
|a BX
|
| 958 |
|
|
|a NB
|
| 958 |
|
|
|a HU
|
| 999 |
|
|
|c 1069442
|d 1071372
|
| 952 |
|
|
|t P60, <03>, [BOOK], {603}
|a SNK
|b SNK
|y PREZ
|7 0
|p 17A0303473
|o snkSD 71611
|i snkKSP 7675/2001
|0 0
|1 0
|4 0
|d 2001-06-08
|l 0
|r 2005-01-02 00:00:00
|w 2026-02-24
|
| 952 |
|
|
|t P60, <04>, [BOOK], {604}
|a SNK
|b SNK
|y VYP
|7 0
|p 17A0303474
|o snkSD 71611 D1
|i snkKSP 7676/2001
|0 0
|1 0
|4 0
|d 2001-06-08
|f 1
|l 0
|r 2005-01-02 00:00:00
|w 2026-02-24
|